000
00345nam a2200133 a 4500
005
20140414131903.0
008
100922s19uu xx 00 eng d
050
_a
FIC
_b
D85 2000
100
_a
Dubowski, Cathy East
245
_a
It takes two!.
260
_a
New York :
_b
Nickelodeon,
_c
2000.
440
_a
Rugrats chapter book
999
_c
110791
_d
110791